| 000 | 01299cam a22003617a 4500 | ||
|---|---|---|---|
| 003 | CHAP | ||
| 005 | 20220329142200.0 | ||
| 008 | 000201d1999 mx r 00110 spa d | ||
| 010 | _a79660 | ||
| 011 | _a80632 | ||
| 035 | _a91083 | ||
| 040 | _cCHAP | ||
| 090 | _aTesis | ||
| 100 | 0 | 0 |
_aBautista Hernández, Jesús. _910920 |
| 245 | 1 | 3 |
_aLa comercialización del café en el mercado de futuros _c/por Jesús Bautista Hernández |
| 260 |
_aChapingo, Méx. : _bEl autor, _c1999. |
||
| 300 |
_a109 h. : _bgráfs. ; cuadros |
||
| 502 | _aTesis (Lic. en Comercio Internacional de Productos Agropecuarios) -- UACH. División de Ciencias Económico Administrativas | ||
| 590 |
_aALEPH _b10 _c20130110 _lUCH01 _h1432 |
||
| 590 |
_aBATCH-UPD _b10 _c20130110 _lUCH01 _h0743 |
||
| 590 |
_aBATCH-UPD _b10 _c20130410 _lUCH01 _h0425 |
||
| 590 |
_aBATCH-UPD _b10 _c20130914 _lUCH01 _h0547 |
||
| 590 |
_aCONVERSION _b10 _c20130109 _lUCH01 _h1344 |
||
| 650 | 1 | 4 |
_aCafé _xMercadeo. _917169 |
| 650 | 1 | 4 |
_aCafé _xMéxico. _917176 |
| 650 | 1 | 4 |
_aCafeticultores. _917080 |
| 901 | _aBK | ||
| 905 | _aGuadalupe Pinto C. | ||
| 942 | _cFOLL | ||
| 949 |
_bBC _cTES _d33724000745071 _eTS2 _fc.2 _h34785 _i91083 _sb |
||
| 949 |
_bBC _cTES _d33724000762811 _eTS2 _fc.3 _h35951 _i91083 _si |
||
| 949 |
_bBC _cTES _d910831 _eTS1 _h34784 _i91083 _sb |
||
| 999 |
_c79660 _d79660 |
||